Hijo de la Luna - Mecano - Estadísticas

Estadísticas generales
  • Esta prueba ha sido intentada 234 veces
  • La puntuación promedio es 206 de 269
Estadísticas de respuestas
% Correcto
Luna
100%
Estribillo Luna,
100%
a
99%
"¿De
99%
la
99%
de
96%
Verso De
96%
¿qué
96%
un
96%
no
95%
que
95%
Que
95%
hijo
94%
Hijo
94%
hijo?
94%
el
93%
él
93%
en
93%
Y
93%
y
93%
le
92%
una
91%
madre
89%
Se
89%
se
89%
niño
88%
niño,
88%
Niño
88%
piel
88%
piel?
88%
con
86%
Con
86%
leyenda
86%
gitana
85%
Cuenta
84%
mujer
84%
mujer,
84%
ser
84%
te
82%
es
81%
Dime,
80%
entienda
80%
haga
80%
plata
80%
Verso Tonto
80%
hacer
79%
hembra
76%
has
75%
me
75%
Me
75%
lo
74%
al
72%
querer
72%
amanecer
71%
quien
70%
quién
70%
llora,
69%
pretendes
69%
hasta
68%
quieres
66%
yo
64%
encuentras
63%
blanco
61%
morena
61%
para
61%
si
61%
llena
60%
llena,
60%
conjuró
59%
cuna
59%
Este
59%
esté
59%
como
58%
día
58%
las
58%
los
58%
tu
58%
payo
57%
su
57%
hombre,
56%
calé
55%
callo
55%
ojos
54%
quiero
53%
desposar
52%
engaña'o
52%
Llorando
52%
nació
51%
pedía
51%
primero
51%
fijo"
50%
hacerle
50%
llegar
50%
albino
48%
brazos
48%
menguará
48%
muerte
48%
Pero
48%
cambio
47%
engendres
47%
mano
47%
cuchillo
46%
hirió
46%
armiño
45%
cielo
45%
Desde
45%
Verso Gitano
45%
grises,
45%
iba
45%
lomo
45%
padre
45%
sola
45%
aceituna
44%
estar
44%
porque
44%
abandonó
43%
monte
43%
vez
43%
buenas
42%
fue
42%
habló
42%
noches
42%
poco
42%
será
42%
Tendrás
42%
allí
41%
canela
39%
haya
39%
deshonrado
38%
inmola
35%
Luego
34%
creerse
33%
estampa!
33%
¡Maldita
31%
hizo
28%
No se encontraron pruebas coincidentes
Distribución de puntuación
Porcentaje de gente con cada puntuación
Porcentaje por número respondido
Historial de tus puntuaciones
No has intentado esta prueba.